000 00316nam a2200133Ia 4500
008 151001s9999||||xx |||||||||||||| ||und||
100 _a शेखर
245 _aलांछान
250 _a1
260 _bहिंद पॉकेट बुक्स
260 _c1981
300 _a146
365 _b16
999 _c961355
_d961352